<?xml version="1.0" encoding="UTF-8"?>
<marc:record xmlns:marc="http://www.loc.gov/MARC21/slim">
   <marc:leader>00000nam a2200000 a 4500</marc:leader>
   <marc:datafield ind1=" " ind2=" " tag="653">
      <marc:subfield code="a">Drogen</marc:subfield>
   </marc:datafield>
   <marc:datafield ind1="0" ind2="0" tag="245">
      <marc:subfield code="a">Lauf um dein Leben</marc:subfield>
   </marc:datafield>
   <marc:datafield ind1="0" ind2="0" tag="245">
      <marc:subfield code="b">vom Junkie zum Ironman</marc:subfield>
   </marc:datafield>
   <marc:datafield ind1=" " ind2="1" tag="264">
      <marc:subfield code="a">Leipzig</marc:subfield>
      <marc:subfield code="b">Kinowelt</marc:subfield>
      <marc:subfield code="c">2009</marc:subfield>
   </marc:datafield>
   <marc:datafield ind1="1" ind2=" " tag="520">
      <marc:subfield code="a">Andreas, Kurt, Motte und Ismail gehen im Ruhrgebiet lieber klauen statt arbeiten. Andreas lernt Sabine kennen verliebt sich in sie. Erst funktioniert die Liebe, dann fällt der unreife Andreas wieder in die alte Routine zurück, bald nimmt er Heroin. Die Ehe zerbricht. Die Suche nach dem Kick mündet für die vier Freunde in der Sucht. Was niemand für möglich gehalten hätte: Andreas schafft es raus aus der Abhängigkeits-Hölle, nicht nur mithilfe eines verständnisvollen Coachs und dem Triathlon, sondern durch seinen Willen und die Liebe.</marc:subfield>
   </marc:datafield>
   <marc:datafield ind1=" " ind2=" " tag="020">
      <marc:subfield code="a">4006680044170</marc:subfield>
      <marc:subfield code="9">4006680044170</marc:subfield>
   </marc:datafield>
   <marc:datafield ind1="0" ind2=" " tag="490">
      <marc:subfield code="v">0</marc:subfield>
   </marc:datafield>
   <marc:datafield ind1=" " ind2=" " tag="300">
      <marc:subfield code="a">98 Min.</marc:subfield>
   </marc:datafield>
</marc:record>
